| 000 | 00956cam a22002894a 4500 | ||
|---|---|---|---|
| 001 | 13424411 | ||
| 003 | OSt | ||
| 005 | 20171129144845.0 | ||
| 008 | 031205s2005 njua b 001 0 eng | ||
| 010 | _a 2003068960 | ||
| 020 | _a0131147269 (pbk.) | ||
| 040 |
_aDLC _cDLC _dDLC |
||
| 042 | _apcc | ||
| 050 | 0 | 0 |
_aHQ1075 _b.H45 2005 |
| 082 | 0 | 0 |
_a305.3 _222 |
| 100 | 1 | _aHelgeson, Vicki S. | |
| 245 | 1 | 4 |
_aThe psychology of gender / _cVicki S. Helgeson. |
| 250 | _a2nd ed. | ||
| 260 |
_aUpper Saddle River, NJ : _bPrentice Hall, _c2005. |
||
| 300 |
_axix, 681 p. : _bill. ; _c24 cm. |
||
| 504 | _aIncludes bibliographical references (p. 588-652) and indexes. | ||
| 650 | 0 | _aSex role. | |
| 650 | 0 | _aSex differences (Psychology) | |
| 906 |
_a7 _bcbc _corignew _d1 _eocip _f20 _gy-gencatlg |
||
| 942 |
_2lcc _cBK |
||
| 999 |
_c51803 _d51803 |
||